000 00382nam a22001697a 4500
003 NUST
020 _a 9788120333345
038 _akhadija
082 _a808.0666
_bBAS
100 _aBasu, B. N.
_986996
245 _aTechnical Writing
260 _aNew Delhi :
_bPHI Learning,
_c2015.
300 _a151 p. ;
_b24 cm.
500 _aPaperback.
563 _aPB
942 _cBK
_2ddc
999 _c33765
_d33765